常磐新線(つくばエクスプレス)の仮称駅名 - Statistics

General Stats
  • This quiz has been taken 260 times
  • The average score is 9 of 20
Answer Stats
仮称駅名 現駅名 % Correct
秋葉原 秋葉原
95%
つくば つくば
88%
南千住 南千住
77%
北千住 北千住
77%
八潮 八潮
75%
南流山 南流山
74%
守谷 守谷
74%
六町 六町
71%
三郷中央 三郷中央
68%
青井 青井
67%
新浅草 浅草
50%
流山運動公園 流山セントラルパーク
15%
流山新市街地 流山おおたかの森
14%
島名 万博記念公園
14%
元浅草 新御徒町
13%
萱丸 みどりの
12%
葛城 研究学園
12%
柏北部中央 柏の葉キャンパス
11%
伊奈谷和原 みらい平
11%
柏北部東 柏たなか
10%
No matching quizzes found
Score Distribution
Percent of People with Each Score
Percentile by Number Answered
Your Score History
You have not taken this quiz